02128nam a2200217 a 4500008004100000020001800041041000800059092001700067100002800084245004700112250001100159260004900170300002200219500009700241505129600338590002801634655002101662942001301683999001501696952019901711180514s2015 ag |||gr|||| 000 1 spa d a9789501526271 aspa c808l46sKOV1 aKovacic, Fabián94109 aGaleano.bLa biografia /cFabián Kovacic a2a ed. aBuenos Aires:bJavier Vergara editor;c2015. a368 p.c23x15 cm. aKovacic, F. (2015). Galeano. La biografía. (2a ed.). Buenos Aires : Javier Vergara editor. aAsí se define Eduardo Galeano, y así eligen definirlo también las páginas de este libro. Cazar palabras como un modo de perpetuarse en los demás y también de retener en su vida las cosas y las personas más amadas. Para Fabián Kovacic, periodista y autor de esta vigorosa semblanza de Eduardo Galeano, ha sido un medio y fin. El fin es relatar la vida y la obra de una de las figuras más destacadas de la literatura latinoamericana, y a la vez es un medio porque su relato sirve para pintar otros paisajes: el del Uruguay de comienzos del siglo XX, que se despertaba por entonces al mundo en ebullición que había dejado la Segunda Guerra Mundial; los dramáticos cambios políticos y sociales en Latinoamérica a partir de la Revolución Cubana. Así, junto con Galeano, crece también, evoluciona y se explica ante los ojos del lector la vida cultural, política y económica del "país de la serena calma y los recuerdos amables". En un constante intercambio entre fondo y foco, alternan aquí Galeano y la historia América Latina, una dando forma siempre a la otra. Un juego de cajas chinas de donde emerge la figura de un hombre político, de un periodista, de un escritor que ha entramado como pocos el transcurrir de una vida con la historia grande.  aDonación febrero 2020 aLiteratura92917 2ddccLIT c3063d3063 00102ddc4070aBFMbBFMcCRd2020-02-11eDonación Constanzo Juan Carlos, Febrero 2020l0o808 46 KOVp4614r2020-02-11tEj. 1w2020-02-11yLITzDonación Constanzo Juan Carlos, Febrero 2020